000 01154nam a2200313Ia 4500
005 20210727153251.0
008 160315s2011 ck g 000 0 spa
020 _a9789686866523
082 0 4 _a515.33
_bC72c
100 1 _aStewart, James Maitland,
_d1908-1997
245 1 0 _aCálculo de varias variables
_btrascendentes tempranas
_cJames Stewart ; traducción Jorge Humberto Romo M.
250 _a6a. edición
300 _axvii, [1211] en paginación variada
_bcuadros, graficos
_c27 cm
500 _aIncluye índice
500 _aPaginación continua del título cálculo de una variable
534 _tMultivariable calculus early trascendentals
650 1 4 _2LEMB
_aCálculo diferencial
650 1 4 _2LEMB
_aCálculo
_vProblemas, ejercicios, etc.
650 1 4 _2LEMB
700 1 _aRomo Muñoz, Jorge Humberto,
_etraductor
700 1 _aFlores Rosas, Misael,
_erevisor
700 1 _aBetsill, Brian
_eilustrador
942 _2ddc
_cBK
264 _aMéxico
_bCengage Learning
_c2011
336 _atexto
_btxt
_2rdacontent
337 _asin mediación
_bn
_2rdamedia
338 _avolumen
_bnc
_2rdacarrier
040 _aCO-BoRNBP
_bspa
_erda
_cCO-BoRNBP
999 _c5088
_d5088